[Event "AUS-ch U18"]
[Site "Canberra"]
[Date "2007.01.21"]
[Round "7"]
[White "Redpath, Nicholas"]
[Black "Pedersen Lee, Lachlan"]
[Result "0-1"]
[WhiteElo "872"]
[BlackElo "1258"]
[PlyCount "82"]
[EventDate "2007.01.14"]
[EventType "swiss"]
[EventRounds "11"]
[EventCountry "AUS"]
[SourceTitle "EXT 2008"]
[Source "ChessBase"]
[SourceDate "2007.11.25"]
[SourceVersion "1"]
[SourceVersionDate "2007.11.25"]
[SourceQuality "1"]

1. e4 e5 2. Nf3 d6 3. d4 exd4 4. Nxd4 Nf6 5. Nc3 a6 6. Be2 g6 7. 0-0 Bg7 8. Be3 0-0 9. Re1 Re8 10. f3 d5 11. Bd3 c5 12. exd5 cxd4 13. Bxd4 Rxe1+ 14. Qxe1 Nxd5 15. Bxg7 Kxg7 16. Qe5+ Nf6 17. Ne4 Nc6 18. Qc3 Qd4+ 19. Qxd4 Nxd4 20. Nd6 b5 21. Re1 Be6 22. c3 Nc6 23. Bc2 Rd8 24. Rd1 Rd7 25. Kf2 Kf8 26. Ne4 Nxe4+ 27. fxe4 Rxd1 28. Bxd1 b4 29. Bb3 bxc3 30. bxc3 Bxb3 31. axb3 Ke7 32. Ke3 Kd6 33. b4 g5 34. g3 Ke5 35. Kf3 a5 36. bxa5 Nxa5 37. Kg4 Kf6 38. e5+ Kg6 39. h4 h5+ 40. Kf3 gxh4 41. gxh4 Kf5 0-1